<?xml version="1.0" encoding="UTF-8"?><?xml-stylesheet type="text/xsl" href="static/style.xsl"?><OAI-PMH xmlns="http://www.openarchives.org/OAI/2.0/" xmlns:xsi="http://www.w3.org/2001/XMLSchema-instance" xsi:schemaLocation="http://www.openarchives.org/OAI/2.0/ http://www.openarchives.org/OAI/2.0/OAI-PMH.xsd"><responseDate>2026-04-27T21:36:39Z</responseDate><request verb="GetRecord" identifier="oai:uvadoc.uva.es:10324/7623" metadataPrefix="marc">https://uvadoc.uva.es/oai/request</request><GetRecord><record><header><identifier>oai:uvadoc.uva.es:10324/7623</identifier><datestamp>2022-04-18T07:25:26Z</datestamp><setSpec>com_10324_38</setSpec><setSpec>col_10324_852</setSpec></header><metadata><record xmlns="http://www.loc.gov/MARC21/slim" xmlns:doc="http://www.lyncode.com/xoai" xmlns:xsi="http://www.w3.org/2001/XMLSchema-instance" xmlns:dcterms="http://purl.org/dc/terms/" xsi:schemaLocation="http://www.loc.gov/MARC21/slim http://www.loc.gov/standards/marcxml/schema/MARC21slim.xsd">
<leader>00925njm 22002777a 4500</leader>
<datafield tag="042" ind1=" " ind2=" ">
<subfield code="a">dc</subfield>
</datafield>
<datafield tag="720" ind1=" " ind2=" ">
<subfield code="a">Pérez Fernández, Sheila</subfield>
<subfield code="e">author</subfield>
</datafield>
<datafield tag="260" ind1=" " ind2=" ">
<subfield code="c">2014</subfield>
</datafield>
<datafield tag="520" ind1=" " ind2=" ">
<subfield code="a">El trabajo consiste en una aproximación a la narrativa infantil de Ramón García Domínguez. Para ello se parte de una breve contextualización teórica sobre el concepto de “Literatura infantil”, sus funciones y tipos. A continuación, se realiza un recorrido por la trayectoria personal y literaria de Ramón García Domínguez, y se lleva a cabo una presentación de la serie Renata, compuesta hasta la fecha por cuatro libros. En el cuerpo central del trabajo, se realiza un análisis de los personajes y los recursos textuales y paratextuales de los libros, así como una valoración de los mismos que incluye su comparación con la serie Manolito Gafotas, de Elvira Lindo. A modo de complemento, se ofrece la entrevista que la investigadora ha tenido la oportunidad de realizar al autor, y que ha sido de gran utilidad en la elaboración de este trabajo.</subfield>
</datafield>
<datafield tag="024" ind2=" " ind1="8">
<subfield code="a">http://uvadoc.uva.es/handle/10324/7623</subfield>
</datafield>
<datafield ind1=" " ind2=" " tag="653">
<subfield code="a">Literatura juvenil</subfield>
</datafield>
<datafield ind1=" " ind2=" " tag="653">
<subfield code="a">García Domínguez, Ramón - Crítica e interpretación</subfield>
</datafield>
<datafield tag="245" ind1="0" ind2="0">
<subfield code="a">Producción literaria infantil de Ramón García Domínguez: la serie Renata</subfield>
</datafield>
</record></metadata></record></GetRecord></OAI-PMH>